zpět

Detail výsledku týmu

The Pub Praha 2 ČT, Praha

Datum a čas kvízu

29.5 Celkem bodů Celkový počet nahraných bodů na tomto kvízu bez doplňovacích otázek.
14. Pořadí na kvízu Konečné umístění týmu na tomto kvízu.

Zaznamenané odpovědi

# Otázka Odpověď Body Výsledky
1. Poradní výbor Rady Evropy vyzv... o slovenštinu 1
2. V italském městě Pesaro nechal... Luciano Pavarotti 0
3. Kterou známou hollywoodskou he... Julii Roberts 1
4. Který asijský stát oznámil, že... Čína 1
5. Minulý týden se v Premier Leag... Manchester City, Erling Haaland 0
6. Jak jinak začít toto téma, než... žlutý trpaslík 0
7. Další otázku věnujme Zemi. Jed... 6378 km 1
8. Nyní se podíváme na planety, c... Uran; Venuše 0
9. Na řadě je rychlost planet. Co... B 0
10. Přiřaďte názvy těchto měsíců k... 1C 2D 3A 4B 0